000 00769nam a2200241 i 4500
003 DO-SdBNP
005 20240307082121.0
007 ta
008 240307s198u dr 000 j spa d
040 _aDO-SdBNP
_bspa
_cBNPHU
_erda
082 _bM578
_222
100 _aCruz Capellán, María Encarnación
_911765
245 1 0 _aMes de mayo... mes de María /
_cMaría Encarnación Cruz Capellán ; presentación Juan F. Pepen
264 1 _aSanto Domingo :
_bSusaeta,
_c[198-].
300 _a42 páginas,
_c22 cm.
336 _2rdacontent
_atexto
_btxt
337 _2rdamedia
_asin mediación
_bn
338 _2rdacarrier
_avolumen
_bnc
590 _aInventariado, 2024/ YL
700 1 _aPepen, Juan F.
_epresentación
_984988
910 _aYLockward
942 _2ddc
_cLF2
999 _c56052
_d56052